Tribhuvan University Central Library

लेखाविधिका सिद्धान्तहरु - २ / (Record no. 118476)

MARC details
000 -LEADER
fixed length control field 01524nam a2200337 4500
008 - FIXED-LENGTH DATA ELEMENTS--GENERAL INFORMATION
fixed length control field 241216b |||||||| |||| 00| 0 eng d
020 ## - INTERNATIONAL STANDARD BOOK NUMBER
International Standard Book Number 978-9937-8330-0-4
041 ## - LANGUAGE CODE
Language code of text/sound track or separate title NEP
082 ## - DEWEY DECIMAL CLASSIFICATION NUMBER
Edition number 23rd.
Classification number N657 / K163l
100 ## - MAIN ENTRY--PERSONAL NAME
Personal name खनाल, बसन्तराज
241 ## - ROMANIZED TITLE (BK AM CF MP MU VM)
Romanized title Lekhavidhika sidhhntaharu-2
245 ## - TITLE STATEMENT
Title लेखाविधिका सिद्धान्तहरु - २ /
Statement of responsibility, etc. बसन्तराज खनाल ...[र अरुहरु.].
260 ## - PUBLICATION, DISTRIBUTION, ETC.
Place of publication, distribution, etc. काठमाण्डौं:
Name of publisher, distributor, etc. वर्ल्डवाइड पव्लिकेशन प्रा.लि.,
Date of publication, distribution, etc. २०६७वि.
300 ## - PHYSICAL DESCRIPTION
Extent v.p., : ill.
650 ## - SUBJECT ADDED ENTRY--TOPICAL TERM
Topical term or geographic name entry element लेखाविधि
650 ## - SUBJECT ADDED ENTRY--TOPICAL TERM
Topical term or geographic name entry element Financial Management
700 ## - ADDED ENTRY--PERSONAL NAME
Personal name श्रेष्ठ, विनय
700 ## - ADDED ENTRY--PERSONAL NAME
Personal name दुलाल, गणेशकुमार
700 ## - ADDED ENTRY--PERSONAL NAME
Personal name अधिकारी, रामजी
700 ## - ADDED ENTRY--PERSONAL NAME
Personal name बज्राचार्य, जीवन
700 ## - ADDED ENTRY--PERSONAL NAME
Personal name उदास, श्यामकुमार
700 ## - ADDED ENTRY--PERSONAL NAME
Personal name पाैडेल, प्रदीप
700 ## - ADDED ENTRY--PERSONAL NAME
Personal name खनाल, साेमराज
700 ## - ADDED ENTRY--PERSONAL NAME
Personal name श्रेष्ठ, नरेन्द्रकुमार
700 ## - ADDED ENTRY--PERSONAL NAME
Personal name उपाध्याय, ताराप्रसाद
700 ## - ADDED ENTRY--PERSONAL NAME
Personal name पन्त, परमेश्वर
700 ## - ADDED ENTRY--PERSONAL NAME
Personal name पाण्डे, निर्मलकुमार
700 ## - ADDED ENTRY--PERSONAL NAME
Personal name खनाल, जागृत
700 ## - ADDED ENTRY--PERSONAL NAME
Personal name महताे, रामकैलाश
942 ## - ADDED ENTRY ELEMENTS (KOHA)
Source of classification or shelving scheme Dewey Decimal Classification
Koha item type ISBN
Holdings
Withdrawn status Lost status Source of classification or shelving scheme Damaged status Not for loan Home library Current library Date acquired Total Checkouts Full call number Barcode Date last seen Price effective from Koha item type
    Dewey Decimal Classification     Tribhuvan University Central Library Tribhuvan University Central Library 12/16/2024   N657 / K163l IS8576 12/16/2024 12/16/2024 ISBN